00301nam a2200121Ia 4500008004000000041000800040082001200048100001600060245002500076260004900101650001700150650001200167210210b1931 xxu||||| |||| 00| 0 eng d aeng a330/428 aSMITH (T M) aUnemployment problem aNew YorkbThe Bruce Publishing Companyc1931 aUnemployment aproblem